[Event "HUN-chT2 Barcza 1617"]
[Site "Hungary"]
[Date "2016.11.13"]
[Round "4.9"]
[White "Tiszoczki, Gabor"]
[Black "Lakatos, Krisztian"]
[Result "0-1"]
[WhiteElo "1823"]
[BlackElo "1957"]
[PlyCount "104"]
[EventDate "2016.09.25"]
[EventType "team-tourn"]
[EventRounds "11"]
[EventCountry "HUN"]
[SourceTitle "EXT 2021"]
[Source "ChessBase"]
[SourceDate "2020.10.23"]
[SourceVersion "1"]
[SourceVersionDate "2020.10.23"]
[SourceQuality "1"]
[WhiteTeam "Edeleny"]
[BlackTeam "Tiszavasvar"]
[WhiteTeamCountry "HUN"]
[BlackTeamCountry "HUN"]

1. d4 e6 2. c4 d5 3. e3 Nf6 4. Nf3 c5 5. Nc3 Nc6 6. cxd5 Nxd5 7. Bc4 Nb6 8. Bb5 a6 9. Bxc6+ bxc6 10. dxc5 Qxd1+ 11. Nxd1 Bxc5 12. b3 a5 13. 0-0 Ba6 14. Re1 Nd5 15. a3 Rb8 16. Nd2 0-0 17. Bb2 Rfd8 18. Be5 Rb7 19. Ne4 Be7 20. Bd4 Rxb3 21. Nc5 Bxc5 22. Bxc5 Rb5 23. Rc1 e5 24. a4 Rb3 25. e4 Nf4 26. Ne3 Ne2+ 27. Rxe2 Bxe2 28. h3 Bd3 29. f3 Rb1 30. Rxb1 Bxb1 31. Bb6 Rd3 32. Nc4 f6 33. Nxa5 Ra3 34. Nxc6 Rxa4 35. Ne7+ Kf7 36. Nd5 Ra1 37. Kh2 Bd3 38. h4 h5 39. Bf2 Ra3 40. Ne3 Ke6 41. Nf5 g6 42. Ne3 f5 43. exf5+ gxf5 44. Bg1 Ra1 45. g3 f4 46. gxf4 exf4 47. Ng2 Kf5 48. Bf2 Rf1 49. Ba7 Be2 50. Bb8 Rxf3 51. Bxf4 Rxf4 52. Nxf4 Kxf4 0-1

[Event "HUN-chT2 Barcza 1516"]
[Site "Hungary"]
[Date "2016.02.28"]
[Round "8.10"]
[White "Csatlos, Bela Sr"]
[Black "Lakatos, Krisztian"]
[Result "0-1"]
[WhiteElo "1751"]
[BlackElo "1961"]
[PlyCount "100"]
[EventDate "2015.09.13"]
[EventType "team-tourn"]
[EventRounds "11"]
[EventCountry "HUN"]
[SourceTitle "EXT 2017"]
[Source "ChessBase"]
[SourceDate "2016.10.25"]
[SourceVersion "1"]
[SourceVersionDate "2016.10.25"]
[SourceQuality "1"]
[WhiteTeam "Kazincbarcika"]
[BlackTeam "Tiszavasvar"]
[WhiteTeamCountry "HUN"]
[BlackTeamCountry "HUN"]

1. e4 e6 2. d4 d5 3. exd5 exd5 4. Nf3 Bd6 5. Bd3 Bg4 6. Be3 Nf6 7. Nbd2 Nbd7 8. 0-0 0-0 9. c3 c5 10. dxc5 Nxc5 11. Be2 Qc7 12. h3 Bd7 13. Nd4 a6 14. Bf3 Nfe4 15. Nxe4 dxe4 16. Be2 Rad8 17. Qc2 Rfe8 18. Rac1 Be5 19. Rfd1 Ne6 20. Nxe6 Bxe6 21. Rxd8 Qxd8 22. Rd1 Qh4 23. Qa4 Rc8 24. Bg4 f5 25. Qa5 Bc7 26. Bb6 fxg4 27. Bxc7 gxh3 28. Bg3 Qe7 29. Qe5 hxg2 30. Qxe4 h5 31. Re1 Re8 32. Qxg2 Qf7 33. a3 Kh7 34. Qe4+ g6 35. Qe5 Bd7 36. Re3 Rxe5 37. Bxe5 Qf5 38. Bd4 Qg4+ 39. Kf1 Qd1+ 40. Kg2 Bc6+ 41. Kg3 Qg1+ 42. Kf4 Qxf2+ 43. Ke5 Qf5+ 44. Kd6 Qd7+ 45. Ke5 Qe7+ 46. Kf4 g5+ 47. Kg3 Qf7 48. b4 Kg6 49. Bc5 Qf4+ 50. Kh3 Qg4+ 0-1

[Event "HUN-chT2 Barcza 1516"]
[Site "Hungary"]
[Date "2016.02.14"]
[Round "7.8"]
[White "Lakatos, Krisztian"]
[Black "Kiripolszky, Tamas"]
[Result "0-1"]
[WhiteElo "1961"]
[BlackElo "1926"]
[PlyCount "82"]
[EventDate "2015.09.13"]
[EventType "team-tourn"]
[EventRounds "11"]
[EventCountry "HUN"]
[SourceTitle "EXT 2017"]
[Source "ChessBase"]
[SourceDate "2016.10.25"]
[SourceVersion "1"]
[SourceVersionDate "2016.10.25"]
[SourceQuality "1"]
[WhiteTeam "Tiszavasvar"]
[BlackTeam "Hajduszoboszlo"]
[WhiteTeamCountry "HUN"]
[BlackTeamCountry "HUN"]

1. e4 c5 2. Bc4 e6 3. Nc3 Nc6 4. Nf3 Na5 5. Be2 a6 6. a4 Qc7 7. d3 Nc6 8. Ng5 Nd4 9. f4 h6 10. Nh3 Nxe2 11. Qxe2 d6 12. 0-0 Nf6 13. e5 Nd7 14. exd6 Bxd6 15. Ne4 Be7 16. Qg4 Kf8 17. Qe2 Nf6 18. Nhf2 Bd7 19. Bd2 Nd5 20. c4 Nb4 21. Bc3 f6 22. Ng3 Nc6 23. Nh5 Kf7 24. Ne4 Nd4 25. Qf2 g6 26. Nhg3 Nf5 27. Ne2 h5 28. h3 Rad8 29. g4 hxg4 30. hxg4 Rh4 31. gxf5 Rg4+ 32. N2g3 gxf5 33. Qh2 Rdg8 34. Qh5+ Kf8 35. Qh6+ Ke8 36. Nxf6+ Bxf6 37. Bxf6 Rxg3+ 38. Kh2 Rg2+ 39. Kh1 Qc6 40. Qh5+ R2g6+ 41. Rf3 Qxf3+ 0-1

[Event "HUN-chT2 Barcza 1516"]
[Site "Hungary"]
[Date "2015.12.06"]
[Round "6.10"]
[White "Nagy, Sandor I"]
[Black "Lakatos, Krisztian"]
[Result "1/2-1/2"]
[WhiteElo "2105"]
[BlackElo "1942"]
[PlyCount "115"]
[EventDate "2015.09.13"]
[EventType "team-tourn"]
[EventRounds "11"]
[EventCountry "HUN"]
[SourceTitle "CBM 170 Extra"]
[Source "ChessBase"]
[SourceDate "2016.02.25"]
[SourceVersion "1"]
[SourceVersionDate "2016.02.25"]
[SourceQuality "1"]
[WhiteTeam "Kwizda Sakkiskola"]
[BlackTeam "Tiszavasvar"]
[WhiteTeamCountry "HUN"]
[BlackTeamCountry "HUN"]

1. e4 e6 2. d4 d5 3. Nd2 c5 4. Ngf3 cxd4 5. Nxd4 e5 6. N4f3 dxe4 7. Nxe5 Qd5 8. f4 exf3 9. Ndxf3 Qxd1+ 10. Kxd1 f6 11. Bb5+ Nd7 12. Nc4 Bc5 13. Re1+ Kf8 14. Be3 Be7 15. Ke2 a6 16. Bxd7 Bxd7 17. Nb6 Rd8 18. Nxd7+ Rxd7 19. Rad1 Rd6 20. c4 Nh6 21. Bxh6 gxh6 22. Nd4 Rg8 23. Kf3 f5 24. Nxf5 Rf6 25. Rd5 Rg5 26. g4 h5 27. Rxe7 hxg4+ 28. Kg3 Rgxf5 29. Rxh7 Rf3+ 30. Kxg4 Ke8 31. Rxb7 R6f4+ 32. Kg5 Rxc4 33. Ra5 Rc6 34. h4 Rg3+ 35. Kf4 Rgg6 36. Re5+ Kf8 37. h5 Rg1 38. Rf5+ Ke8 39. b4 Rf1+ 40. Ke5 Re1+ 41. Kd5 Ree6 42. Re5 Rxe5+ 43. Kxe5 Rh6 44. Ra7 Rxh5+ 45. Kd4 Rh6 46. Kc5 Kd8 47. Rb7 Kc8 48. Rb6 Rh5+ 49. Kc4 a5 50. a3 axb4 51. axb4 Kc7 52. Re6 Kb7 53. b5 Rh4+ 54. Kc5 Rh5+ 55. Kb4 Rh1 56. Rc6 Rb1+ 57. Kc5 Rc1+ 58. Kd5 1/2-1/2

[Event "HUN-chT2 Barcza 1516"]
[Site "Hungary"]
[Date "2015.10.04"]
[Round "2.4"]
[White "Lakatos, Krisztian"]
[Black "Toviskes, Antal"]
[Result "1-0"]
[WhiteElo "1951"]
[BlackElo "2028"]
[PlyCount "79"]
[EventDate "2015.09.13"]
[EventType "team-tourn"]
[EventRounds "11"]
[EventCountry "HUN"]
[SourceTitle "CBM 170 Extra"]
[Source "ChessBase"]
[SourceDate "2016.02.25"]
[SourceVersion "1"]
[SourceVersionDate "2016.02.25"]
[SourceQuality "1"]
[WhiteTeam "Tiszavasvar"]
[BlackTeam "Hajduboszormeny"]
[WhiteTeamCountry "HUN"]
[BlackTeamCountry "HUN"]

1. e4 c5 2. Nc3 d6 3. Bc4 Nc6 4. Nf3 g6 5. 0-0 Nf6 6. Ng5 e6 7. f4 h6 8. Nf3 Bg7 9. d3 Na5 10. Bb5+ Bd7 11. e5 Nd5 12. Bxd7+ Qxd7 13. Nxd5 exd5 14. exd6 0-0 15. Qe1 Nc6 16. Qh4 f5 17. Bd2 Qxd6 18. Bc3 Rae8 19. Bxg7 Kxg7 20. Rae1 d4 21. a3 Ne7 22. Re5 Nd5 23. Rfe1 Ne3 24. Re2 Rxe5 25. Nxe5 b5 26. Qg3 Re8 27. Qf3 Re7 28. h3 h5 29. c3 Rc7 30. Kh2 Qf6 31. cxd4 cxd4 32. Qa8 g5 33. Qb8 Re7 34. Kg1 gxf4 35. Nf3 Nd5 36. Rxe7+ Qxe7 37. Qxb5 Qe3+ 38. Kh2 Ne7 39. Qb4 Nc6 40. Qc4 1-0

[Event "HUN-chT2 Barcza 1415"]
[Site "Hungary"]
[Date "2015.03.01"]
[Round "?"]
[White "Lakatos, Krisztian"]
[Black "Mate, Balazs"]
[Result "1-0"]
[WhiteElo "1909"]
[BlackElo "2125"]
[PlyCount "77"]
[EventDate "2014.09.07"]
[EventType "team-tourn"]
[EventRounds "11"]
[EventCountry "HUN"]
[SourceTitle "EXT 2016"]
[Source "ChessBase"]
[SourceDate "2015.10.08"]
[SourceVersion "1"]
[SourceVersionDate "2015.10.08"]
[SourceQuality "1"]
[WhiteTeam "Tiszavasvar"]
[BlackTeam "Hajduszoboszlo"]
[WhiteTeamCountry "HUN"]
[BlackTeamCountry "HUN"]

1. e4 c5 2. Nc3 g6 3. Nf3 Bg7 4. Bc4 Nc6 5. Ng5 e6 6. f4 a6 7. a4 d6 8. d3 Nge7 9. 0-0 0-0 10. h4 d5 11. Bb3 Nd4 12. Ba2 dxe4 13. dxe4 Nec6 14. Ne2 h6 15. Nf3 Nxf3+ 16. gxf3 Qxh4 17. Kg2 Rd8 18. Qe1 Qxe1 19. Rxe1 b6 20. c3 a5 21. Rh1 Ba6 22. Kf2 Bd3 23. Be3 h5 24. Rag1 Ne7 25. Ng3 Bc2 26. Nxh5 gxh5 27. Rxh5 Kf8 28. Rh7 Bf6 29. f5 Rd6 30. Bf4 Rc6 31. fxe6 fxe6 32. Rh6 Kf7 33. Rh7+ Ke8 34. Rh6 Kf7 35. Rh7+ Kf8 36. Bc4 Rd8 37. Bb5 Rcc8 38. Bh6+ Bg7 39. Rgxg7 1-0

[Event "HUN-chT2 Barcza 1415"]
[Site "Hungary"]
[Date "2015.01.25"]
[Round "?"]
[White "Lakatos, Krisztian"]
[Black "Barnoth, Robert"]
[Result "1-0"]
[WhiteElo "1909"]
[BlackElo "1863"]
[PlyCount "55"]
[EventDate "2014.09.07"]
[EventType "team-tourn"]
[EventRounds "11"]
[EventCountry "HUN"]
[SourceTitle "EXT 2016"]
[Source "ChessBase"]
[SourceDate "2015.10.08"]
[SourceVersion "1"]
[SourceVersionDate "2015.10.08"]
[SourceQuality "1"]
[WhiteTeam "Tiszavasvar"]
[BlackTeam "Piremon"]
[WhiteTeamCountry "HUN"]
[BlackTeamCountry "HUN"]

1. e4 e5 2. Nf3 Nc6 3. Nc3 Nf6 4. Bc4 Bc5 5. d3 h6 6. Be3 Bb6 7. Nd5 d6 8. c3 0-0 9. b4 Bg4 10. a4 Nxd5 11. Bxd5 Qd7 12. b5 Nd8 13. 0-0 Kh8 14. h3 Be6 15. Nh4 Kh7 16. d4 exd4 17. cxd4 c6 18. bxc6 bxc6 19. Bb3 Qe7 20. Nf5 Bxf5 21. exf5 Nb7 22. Qc2 Qd7 23. Rac1 Rac8 24. Be6 Qc7 25. Bxc8 Rxc8 26. f6+ g6 27. Qe4 d5 28. Qh4 1-0

[Event "HUN-chT2 Barcza 1415"]
[Site "Hungary"]
[Date "2014.12.14"]
[Round "?"]
[White "Lakatos, Krisztian"]
[Black "Tiszoczki, Gabor"]
[Result "0-1"]
[WhiteElo "1909"]
[BlackElo "1875"]
[PlyCount "154"]
[EventDate "2014.09.07"]
[EventType "team-tourn"]
[EventRounds "11"]
[EventCountry "HUN"]
[SourceTitle "EXT 2016"]
[Source "ChessBase"]
[SourceDate "2015.10.08"]
[SourceVersion "1"]
[SourceVersionDate "2015.10.08"]
[SourceQuality "1"]
[WhiteTeam "Tiszavasvar"]
[BlackTeam "Edeleny"]
[WhiteTeamCountry "HUN"]
[BlackTeamCountry "HUN"]

1. e4 c5 2. Nf3 Nc6 3. Nc3 e6 4. Bc4 Nf6 5. h3 d5 6. exd5 exd5 7. Bb5 Bd6 8. d3 h6 9. Qe2+ Be6 10. Ne5 Qc7 11. f4 0-0 12. Bxc6 bxc6 13. 0-0 Rfe8 14. Qf2 d4 15. Na4 Re7 16. b3 Nd5 17. Nc4 Rae8 18. Nxd6 Qxd6 19. Ba3 Nb4 20. Rae1 Bd5 21. Rxe7 Qxe7 22. Bxb4 cxb4 23. Qxd4 Qe2 24. Qf2 Re3 25. Nc5 Qxf2+ 26. Kxf2 Re7 27. Na6 Rb7 28. Re1 f6 29. g4 Kf7 30. Ke3 Re7+ 31. Kd2 Rb7 32. c4 bxc3+ 33. Kxc3 g5 34. Nc5 Rb5 35. Ne4 Bxe4 36. Rxe4 Rc5+ 37. Kb2 Rd5 38. Kc3 Rc5+ 39. Kb4 Rc2 40. fxg5 hxg5 41. a3 c5+ 42. Ka4 Rc3 43. Re3 a6 44. Rf3 Ke6 45. Re3+ Kd5 46. Rf3 Ke5 47. b4 c4 48. Rf5+ Ke6 49. dxc4 Rxh3 50. Ra5 Rg3 51. Rxa6+ Ke5 52. b5 Rxg4 53. Kb4 Rg1 54. b6 Kd6 55. b7+ Kc7 56. Rxf6 Kxb7 57. Kc5 g4 58. Rf7+ Ka6 59. Rg7 g3 60. Kc6 Rc1 61. c5 Rc3 62. Rg8 Ka7 63. a4 Rd3 64. Rg7+ Ka6 65. Kc7 Ka5 66. Rg4 Rc3 67. c6 Ka6 68. Rg5 Rd3 69. Rg8 Ka7 70. Rb8 g2 71. Rb7+ Ka6 72. Rb8 g1Q 73. Ra8+ Qa7+ 74. Rxa7+ Kxa7 75. a5 Rd5 76. Kc8 Rxa5 77. c7 Rc5 0-1

[Event "HUN-chT2 Barcza 1314"]
[Site "Hungary"]
[Date "2014.02.16"]
[Round "7"]
[White "Lakatos, Krisztian"]
[Black "Doman, Csaba"]
[Result "1-0"]
[WhiteElo "1924"]
[BlackElo "1859"]
[PlyCount "65"]
[EventDate "2013.09.08"]
[EventType "team-tourn"]
[EventRounds "11"]
[EventCountry "HUN"]
[SourceTitle "EXT 2016"]
[Source "ChessBase"]
[SourceDate "2015.10.08"]
[SourceVersion "1"]
[SourceVersionDate "2015.10.08"]
[SourceQuality "1"]
[WhiteTeam "Tiszavasvar"]
[BlackTeam "Nadudvar"]
[WhiteTeamCountry "HUN"]
[BlackTeamCountry "HUN"]

1. e4 e5 2. Nf3 Nc6 3. Bc4 Nd4 4. d3 Nxf3+ 5. Qxf3 Qf6 6. Nd2 Qg6 7. Qg3 d6 8. Qxg6 hxg6 9. f4 Be7 10. Nf3 f6 11. h3 exf4 12. Bxf4 g5 13. Bh2 g4 14. hxg4 Bxg4 15. 0-0-0 0-0-0 16. Rde1 Rf8 17. Nd4 Nh6 18. Nf5 Nxf5 19. exf5 Bd8 20. Be6+ Kb8 21. Re4 Rh4 22. g3 Bf3 23. Rxh4 Bxh1 24. Rh7 c5 25. g4 Bc7 26. Rxg7 Bf3 27. g5 fxg5 28. Rxg5 a6 29. Rg7 Rh8 30. Bg3 Bc6 31. f6 Rf8 32. f7 Be8 33. Rg8 1-0

[Event "HUN-chT2 Barcza 1314"]
[Site "Hungary"]
[Date "2013.09.22"]
[Round "2"]
[White "Lakatos, Krisztian"]
[Black "Molnar, Milan"]
[Result "0-1"]
[WhiteElo "1924"]
[BlackElo "1845"]
[PlyCount "58"]
[EventDate "2013.09.08"]
[EventType "team-tourn"]
[EventRounds "11"]
[EventCountry "HUN"]
[SourceTitle "EXT 2016"]
[Source "ChessBase"]
[SourceDate "2015.10.08"]
[SourceVersion "1"]
[SourceVersionDate "2015.10.08"]
[SourceQuality "1"]
[WhiteTeam "Tiszavasvar"]
[BlackTeam "Miskolc EMSE"]
[WhiteTeamCountry "HUN"]
[BlackTeamCountry "HUN"]

1. e4 e5 2. Nf3 Nc6 3. Nc3 Bc5 4. Bc4 h6 5. a3 a6 6. d3 d6 7. h3 Nf6 8. b4 b5 9. Bxf7+ Kxf7 10. bxc5 dxc5 11. Be3 Qe7 12. 0-0 Be6 13. Nd2 Rhf8 14. f4 exf4 15. Rxf4 Kg8 16. Ne2 Nh5 17. Rxf8+ Rxf8 18. Qe1 Ne5 19. Kh1 Ng6 20. Qg1 c4 21. Bc5 Qg5 22. Nf3 Rxf3 23. gxf3 Qf6 24. Bd4 Qxf3+ 25. Qg2 Qxe2 26. Qxg6 Bxh3 27. Be5 Qf3+ 28. Kh2 Bg4 29. dxc4 Qf2+ 0-1

[Event "HUN-chT2 Barcza 1213"]
[Site "Hungary"]
[Date "2013.02.17"]
[Round "7.7"]
[White "Lakatos, Krisztian"]
[Black "Molnar, Milan"]
[Result "0-1"]
[WhiteElo "1973"]
[BlackElo "1815"]
[PlyCount "56"]
[EventDate "2012.09.16"]
[EventType "team-tourn"]
[EventRounds "11"]
[EventCountry "HUN"]
[SourceTitle "EXT 2014"]
[Source "ChessBase"]
[SourceDate "2013.11.20"]
[SourceVersion "1"]
[SourceVersionDate "2013.11.20"]
[SourceQuality "1"]
[WhiteTeam "Tiszavasvar"]
[BlackTeam "Miskolc EMSE"]
[WhiteTeamCountry "HUN"]
[BlackTeamCountry "HUN"]

1. e4 e5 2. Nf3 Nc6 3. d4 exd4 4. Nxd4 Bc5 5. Be3 Qf6 6. c3 Nge7 7. f4 d6 8. Be2 h5 9. b4 Bxd4 10. cxd4 Nxb4 11. Qa4+ Nbc6 12. Nd2 Bd7 13. 0-0 h4 14. Qb3 Nxd4 15. Qd3 Nxe2+ 16. Qxe2 Bc6 17. Rae1 a6 18. e5 dxe5 19. fxe5 Qg6 20. Rf2 h3 21. g3 Nf5 22. Bf4 0-0-0 23. Nf3 Bxf3 24. Qxf3 Nd4 25. Qc3 Qc6 26. Qe3 Nc2 27. Rc1 Nxe3 28. Rxc6 Rd1+ 0-1

[Event "HUN-chT2 Barcza 1213"]
[Site "Hungary"]
[Date "2012.10.07"]
[Round "2.10"]
[White "Lakatos, Krisztian"]
[Black "Baranyai, Antal"]
[Result "1-0"]
[WhiteElo "1960"]
[BlackElo "1679"]
[PlyCount "83"]
[EventDate "2012.09.16"]
[EventType "team-tourn"]
[EventRounds "11"]
[EventCountry "HUN"]
[SourceTitle "EXT 2014"]
[Source "ChessBase"]
[SourceDate "2013.11.20"]
[SourceVersion "1"]
[SourceVersionDate "2013.11.20"]
[SourceQuality "1"]
[WhiteTeam "Tiszavasvar"]
[BlackTeam "Nadudvar"]
[WhiteTeamCountry "HUN"]
[BlackTeamCountry "HUN"]

1. e4 e5 2. Nf3 Nc6 3. d4 exd4 4. Nxd4 Qf6 5. Be3 Nge7 6. c3 d6 7. Nb5 Kd8 8. Nd2 a6 9. Nd4 Nxd4 10. Bxd4 Qg6 11. Qb3 b5 12. Qa3 Nc6 13. Be3 Bb7 14. 0-0-0 Ne5 15. f4 Ng4 16. f5 Qf6 17. Bd4 Ne5 18. Be2 Kc8 19. h4 d5 20. b4 dxe4 21. g4 Qd6 22. Rh3 f6 23. Bc5 Qc6 24. Nb3 Bxc5 25. bxc5 Nd7 26. Re3 Ne5 27. Nd4 Qe8 28. Ne6 Qf7 29. Qb3 Qe7 30. Qb4 Bc6 31. Qa5 Kb7 32. Rd4 g6 33. Rb4 Nd3+ 34. Bxd3 exd3 35. Rxd3 gxf5 36. gxf5 Rhg8 37. Rbd4 Rac8 38. a4 Ra8 39. Rd7 Rg1+ 40. Kb2 Rg2+ 41. Ka3 Rg4 42. Qxc7# 1-0

[Event "HUN-chT2 Barcza 1112 "]
[Site "Hungary"]
[Date "2012.01.29"]
[Round "5"]
[White "Lakatos, Krisztian"]
[Black "Timar, Jozsef"]
[Result "1/2-1/2"]
[WhiteElo "1844"]
[BlackElo "1966"]
[PlyCount "95"]
[EventDate "2011.09.25"]
[EventType "team-tourn"]
[EventRounds "11"]
[EventCountry "HUN"]
[SourceTitle "EXT 2013"]
[Source "ChessBase"]
[SourceDate "2012.11.22"]
[SourceVersion "1"]
[SourceVersionDate "2012.11.22"]
[SourceQuality "1"]
[WhiteTeam "Tiszavasvar"]
[BlackTeam "Debrecen Sakkbaratok"]
[WhiteTeamCountry "HUN"]
[BlackTeamCountry "HUN"]

1. e4 e5 2. Nf3 Nc6 3. Bc4 Bc5 4. Nc3 d6 5. h3 Be6 6. Nd5 Na5 7. Be2 c6 8. b4 cxd5 9. exd5 Bxb4 10. dxe6 fxe6 11. c3 Bc5 12. d4 exd4 13. Qa4+ Nc6 14. Bb5 dxc3 15. Bxc6+ bxc6 16. Qxc6+ Kf8 17. Ng5 Qe8 18. Qe4 e5 19. Ne6+ Qxe6 20. Qxa8+ Kf7 21. Be3 Qc4 22. Bxc5 Qxc5 23. 0-0 d5 24. Rab1 c2 25. Rbc1 d4 26. Qb7+ Ne7 27. Qb3+ Qd5 28. Rxc2 Qxb3 29. axb3 d3 30. Rc7 Rb8 31. Rb1 Ke6 32. Rxa7 Nd5 33. Ra6+ Kf5 34. Rd6 Ke4 35. Kf1 Rc8 36. f3+ Kd4 37. b4 Rc2 38. b5 Kc5 39. Rc6+ Kd4 40. Rd6 e4 41. fxe4 Kxe4 42. Re1+ Kd4 43. b6 Rb2 44. Rd1 Ke5 45. Rxd5+ Kxd5 46. Rxd3+ Ke6 47. Rf3 Rxb6 48. g4 1/2-1/2

[Event "HUN-chT2 Barcza 1112 "]
[Site "Hungary"]
[Date "2011.09.25"]
[Round "1"]
[White "Mozsik, Tamas"]
[Black "Lakatos, Krisztian"]
[Result "1-0"]
[WhiteElo "1909"]
[BlackElo "1844"]
[PlyCount "51"]
[EventDate "2011.09.25"]
[EventType "team-tourn"]
[EventRounds "11"]
[EventCountry "HUN"]
[SourceTitle "EXT 2013"]
[Source "ChessBase"]
[SourceDate "2012.11.22"]
[SourceVersion "1"]
[SourceVersionDate "2012.11.22"]
[SourceQuality "1"]
[WhiteTeam "Balkany"]
[BlackTeam "Tiszavasvar"]
[WhiteTeamCountry "HUN"]
[BlackTeamCountry "HUN"]

1. e4 e6 2. c4 c5 3. Nc3 Nc6 4. f4 Nge7 5. Nf3 d5 6. cxd5 exd5 7. e5 Nf5 8. Bd3 Nfd4 9. Nxd4 Nxd4 10. 0-0 c4 11. Bb1 Bc5 12. Kh1 b5 13. d3 h5 14. dxc4 dxc4 15. Be4 Rb8 16. Be3 Bg4 17. Qe1 Qc8 18. Bxd4 Bxd4 19. Qd2 Bc5 20. f5 0-0 21. h3 b4 22. Nd5 c3 23. bxc3 bxc3 24. Qg5 Be2 25. f6 g6 26. Qh6 1-0